000 00466cam a2200193ua 4500
001 10830
008 190406n ii |||gr||||Z||||||asm
020 _a9789381485712
040 _cMAIN
041 _aasm
082 _a891.4513
100 _aLakshminandan Bora,
_eAuthor.
245 _aSehi sabyasachee
_cBy Lakshminandan Bora
250 _a2nd ed.
260 _aGuwahati:
_bJyoti prakashan,
_c2016.
300 _a314p.
653 _aAssamese novel
942 _cBK
999 _c9789
_d9789